Propedeutica probatoria y Epistemica de la Responsabilidad Penal (Record no. 5379)
[ view plain ]
| 000 -CABECERA | |
|---|---|
| campo de control de longitud fija | 00638nam a2200145 4500 |
| 020 ## - NUMERO INTERNACIONAL NORMALIZADO PARA LIBROS (ISBN) | |
| International Standard Book Number | 9789587953268 |
| 080 ## - NUMERO DE CLASIFICACION DECIMAL UNIVERSAL (CDU) | |
| Número de la Clasificación Decimal Universal | 343.13 / 14 P 24 |
| 245 ## - MENCION DE TITULO | |
| Título propiamente dicho | Propedeutica probatoria y Epistemica de la Responsabilidad Penal |
| 260 ## - PUBLICACION, DISTRIBUCION, ETC. (PIE DE IMPRENTA) | |
| Lugar de publicación, distribución, etc. | Bogota: |
| Nombre del editor, distribuidor, etc. | Leyer editores, |
| Fecha de publicación, distribución, etc. | 2023 |
| 300 ## - DESCRIPCION FISICA | |
| Extensión | 270 P. |
| 650 ## - ASIENTO SECUNDARIO DE MATERIA - TERMINO TEMATICO | |
| Subdivisión general | prueba |
| -- | sistema acusatorio |
| -- | evidencia digital |
| -- | ADN |
| -- | sana critica |
| -- | nulidades |
| -- | delitos sexuales |
| -- | violencia contra la mujer |
| -- | perspectiva de genero |
| -- | interes superior de niñas niños y adolescentes |
| -- | teoria impura del derecho |
| -- | tecnicas de investigacion |
| 700 ## - ASIENTO SECUNDARIO - NOMBRE PERSONAL | |
| Nombre personal | Parma, Carlos |
| Término de relación | Palacio Cepeda, Marisol |
| 942 ## - ELEMENTOS AGREGADOS (KOHA) | |
| Clasificación normalizada de Koha para alfabetizar | _ |
| 945 ## - INFORMACION DE PROCESAMIENTO LOCAL | |
| Responsable de carga/modificación | Celeste Delía |
| AAAA-MM-DD - Fecha de ingreso/modificación | 2024-04-09 |
| Retirado | Perdido | Fuente de clasificación | Dañado | No se presta | Ubicación permanente | Locación actual | Estante o sala | Fecha de adquisición | Total préstamos | Signatura topográfica | Inventario | Ultima fecha vista | Fecha del precio | Tipo de item de Koha |
|---|---|---|---|---|---|---|---|---|---|---|---|---|---|---|
| Bib. Derecho | Bib. Derecho | Sala de Lectura | 09/04/2024 | 343.13 / 14 P 24 | 302016 | 09/04/2024 | 09/04/2024 | LIBRO (Consulta) |
